<?xml version="1.0" encoding="UTF-8"?>
<marc:record xmlns:marc="http://www.loc.gov/MARC21/slim" type="Bibliographic">
   <marc:leader>00000nam a2200000 c 4500</marc:leader>
   <marc:controlfield tag="001">1171836651</marc:controlfield>
   <marc:controlfield tag="003">DE-101</marc:controlfield>
   <marc:controlfield tag="005">20190122213330.0</marc:controlfield>
   <marc:controlfield tag="007">tu</marc:controlfield>
   <marc:controlfield tag="008">181120s2019    gw ||||| |||| 00||||ger  </marc:controlfield>
   <marc:datafield ind1=" " ind2=" " tag="015">
      <marc:subfield code="a">18,N48</marc:subfield>
      <marc:subfield code="2">dnb</marc:subfield>
   </marc:datafield>
   <marc:datafield ind1="7" ind2=" " tag="016">
      <marc:subfield code="2">DE-101</marc:subfield>
      <marc:subfield code="a">1171836651</marc:subfield>
   </marc:datafield>
   <marc:datafield ind1=" " ind2=" " tag="020">
      <marc:subfield code="a">9783411726547</marc:subfield>
      <marc:subfield code="c">Festeinband : EUR 10.00 (DE), EUR 10.30 (AT), CHF 14.90 (freier Preis)</marc:subfield>
      <marc:subfield code="9">978-3-411-72654-7</marc:subfield>
   </marc:datafield>
   <marc:datafield ind1=" " ind2=" " tag="020">
      <marc:subfield code="a">3411726547</marc:subfield>
      <marc:subfield code="9">3-411-72654-7</marc:subfield>
   </marc:datafield>
   <marc:datafield ind1="3" ind2=" " tag="024">
      <marc:subfield code="a">9783411726547</marc:subfield>
   </marc:datafield>
   <marc:datafield ind1="5" ind2="2" tag="028">
      <marc:subfield code="a">Bestellnummer: 7789</marc:subfield>
   </marc:datafield>
   <marc:datafield ind1=" " ind2=" " tag="035">
      <marc:subfield code="a">(DE-599)DNB1171836651</marc:subfield>
   </marc:datafield>
   <marc:datafield ind1=" " ind2=" " tag="035">
      <marc:subfield code="a">(OCoLC)1076509828</marc:subfield>
   </marc:datafield>
   <marc:datafield ind1=" " ind2=" " tag="040">
      <marc:subfield code="a">1145</marc:subfield>
      <marc:subfield code="b">ger</marc:subfield>
      <marc:subfield code="c">DE-101</marc:subfield>
      <marc:subfield code="d">9999</marc:subfield>
      <marc:subfield code="e">rda</marc:subfield>
   </marc:datafield>
   <marc:datafield ind1=" " ind2=" " tag="041">
      <marc:subfield code="a">ger</marc:subfield>
      <marc:subfield code="a">mul</marc:subfield>
   </marc:datafield>
   <marc:datafield ind1=" " ind2=" " tag="044">
      <marc:subfield code="c">XA-DE-BE</marc:subfield>
   </marc:datafield>
   <marc:datafield ind1="7" ind2="4" tag="082">
      <marc:subfield code="8">1\p</marc:subfield>
      <marc:subfield code="a">K</marc:subfield>
      <marc:subfield code="q">DE-101</marc:subfield>
      <marc:subfield code="2">23sdnb</marc:subfield>
   </marc:datafield>
   <marc:datafield ind1=" " ind2=" " tag="090">
      <marc:subfield code="a">b</marc:subfield>
   </marc:datafield>
   <marc:datafield ind1="1" ind2=" " tag="100">
      <marc:subfield code="0">(DE-588)1033179450</marc:subfield>
      <marc:subfield code="0">http://d-nb.info/gnd/1033179450</marc:subfield>
      <marc:subfield code="0">(DE-101)1033179450</marc:subfield>
      <marc:subfield code="a">Eck, Janine</marc:subfield>
      <marc:subfield code="e">Verfasser</marc:subfield>
      <marc:subfield code="4">aut</marc:subfield>
   </marc:datafield>
   <marc:datafield ind1="0" ind2="0" tag="245">
      <marc:subfield code="a">Ich bin Yola - wer bist du?</marc:subfield>
      <marc:subfield code="b">meine Freunde aus der ganzen Welt</marc:subfield>
      <marc:subfield code="c">Autorin: Janine Eck ; Illustrationen: Julia Echterhoff</marc:subfield>
   </marc:datafield>
   <marc:datafield ind1=" " ind2=" " tag="250">
      <marc:subfield code="a">[1. Auflage]</marc:subfield>
   </marc:datafield>
   <marc:datafield ind1=" " ind2=" " tag="259">
      <marc:subfield code="a">11</marc:subfield>
   </marc:datafield>
   <marc:datafield ind1=" " ind2="1" tag="264">
      <marc:subfield code="a">Berlin</marc:subfield>
      <marc:subfield code="b">Bibliographisches Institut</marc:subfield>
      <marc:subfield code="c">[2019]</marc:subfield>
   </marc:datafield>
   <marc:datafield ind1=" " ind2=" " tag="300">
      <marc:subfield code="a">32 ungezählte Seiten</marc:subfield>
      <marc:subfield code="b">Illustrationen</marc:subfield>
      <marc:subfield code="c">20 cm x 22 cm</marc:subfield>
   </marc:datafield>
   <marc:datafield ind1=" " ind2=" " tag="336">
      <marc:subfield code="a">Text</marc:subfield>
      <marc:subfield code="b">txt</marc:subfield>
      <marc:subfield code="2">rdacontent</marc:subfield>
   </marc:datafield>
   <marc:datafield ind1=" " ind2=" " tag="337">
      <marc:subfield code="a">ohne Hilfsmittel zu benutzen</marc:subfield>
      <marc:subfield code="b">n</marc:subfield>
      <marc:subfield code="2">rdamedia</marc:subfield>
   </marc:datafield>
   <marc:datafield ind1=" " ind2=" " tag="338">
      <marc:subfield code="a">Band</marc:subfield>
      <marc:subfield code="b">nc</marc:subfield>
      <marc:subfield code="2">rdacarrier</marc:subfield>
   </marc:datafield>
   <marc:datafield ind1="0" ind2=" " tag="490">
      <marc:subfield code="a">Duden</marc:subfield>
   </marc:datafield>
   <marc:datafield ind1=" " ind2=" " tag="653">
      <marc:subfield code="a">(Produktform)Hardback</marc:subfield>
   </marc:datafield>
   <marc:datafield ind1=" " ind2=" " tag="653">
      <marc:subfield code="a">4 Jahre</marc:subfield>
   </marc:datafield>
   <marc:datafield ind1=" " ind2=" " tag="653">
      <marc:subfield code="a">5 Jahre</marc:subfield>
   </marc:datafield>
   <marc:datafield ind1=" " ind2=" " tag="653">
      <marc:subfield code="a">DaZ für Kinder</marc:subfield>
   </marc:datafield>
   <marc:datafield ind1=" " ind2=" " tag="653">
      <marc:subfield code="a">Deutsch als Fremdsprache</marc:subfield>
   </marc:datafield>
   <marc:datafield ind1=" " ind2=" " tag="653">
      <marc:subfield code="a">Deutsch lernen</marc:subfield>
   </marc:datafield>
   <marc:datafield ind1=" " ind2=" " tag="653">
      <marc:subfield code="a">Flüchtlingskinder</marc:subfield>
   </marc:datafield>
   <marc:datafield ind1=" " ind2=" " tag="653">
      <marc:subfield code="a">Sprachförderung</marc:subfield>
   </marc:datafield>
   <marc:datafield ind1=" " ind2=" " tag="653">
      <marc:subfield code="a">Volle Vielfalt Kinderbuch</marc:subfield>
   </marc:datafield>
   <marc:datafield ind1=" " ind2=" " tag="653">
      <marc:subfield code="a">arabisch deutsch</marc:subfield>
   </marc:datafield>
   <marc:datafield ind1=" " ind2=" " tag="653">
      <marc:subfield code="a">interkulturelles Kinderbuch</marc:subfield>
   </marc:datafield>
   <marc:datafield ind1=" " ind2=" " tag="653">
      <marc:subfield code="a">kroatisch deutsch</marc:subfield>
   </marc:datafield>
   <marc:datafield ind1=" " ind2=" " tag="653">
      <marc:subfield code="a">mehrsprachiges Kinderbuch</marc:subfield>
   </marc:datafield>
   <marc:datafield ind1=" " ind2=" " tag="653">
      <marc:subfield code="a">persisch deutsch</marc:subfield>
   </marc:datafield>
   <marc:datafield ind1=" " ind2=" " tag="653">
      <marc:subfield code="a">(VLB-WN)1211: Hardcover, Softcover / Kinder- und Jugendbücher/Erzählerische Bilderbücher</marc:subfield>
   </marc:datafield>
   <marc:datafield ind1=" " ind2="7" tag="655">
      <marc:subfield code="0">(DE-101)1010673823</marc:subfield>
      <marc:subfield code="a">Erzählerische Bilderbücher</marc:subfield>
      <marc:subfield code="2">gatbeg</marc:subfield>
   </marc:datafield>
   <marc:datafield ind1=" " ind2=" " tag="850">
      <marc:subfield code="a">DE-101a</marc:subfield>
      <marc:subfield code="a">DE-101b</marc:subfield>
   </marc:datafield>
   <marc:datafield ind1="4" ind2="2" tag="856">
      <marc:subfield code="m">X:MVB</marc:subfield>
      <marc:subfield code="q">text/html</marc:subfield>
      <marc:subfield code="u">http://deposit.dnb.de/cgi-bin/dokserv?id=266d1381267647db9ca3eb920480a7c3&amp;prov=M&amp;dok_var=1&amp;dok_ext=htm</marc:subfield>
      <marc:subfield code="3">Inhaltstext</marc:subfield>
   </marc:datafield>
   <marc:datafield ind1="1" ind2=" " tag="883">
      <marc:subfield code="8">1\p</marc:subfield>
      <marc:subfield code="a">maschinell gebildet</marc:subfield>
      <marc:subfield code="d">20181120</marc:subfield>
      <marc:subfield code="q">DE-101</marc:subfield>
   </marc:datafield>
   <marc:datafield ind1="r" ind2=" " tag="925">
      <marc:subfield code="a">ra</marc:subfield>
   </marc:datafield>
   <marc:datafield ind1="1" ind2=" " tag="926">
      <marc:subfield code="a">YBC</marc:subfield>
      <marc:subfield code="o">93</marc:subfield>
      <marc:subfield code="q">Publisher</marc:subfield>
      <marc:subfield code="v">1.2</marc:subfield>
      <marc:subfield code="x">Bilderbücher</marc:subfield>
   </marc:datafield>
</marc:record>
